000 01381nam0a22003611 4500
001 RU\NLR\bibl\57246
005 20250630110650.0
010 _a5-7464-1278-3
_91000
021 _aRU
_b99-37432
_91846
021 _aRU
_b2001-20496
_9966
035 _a(NLR Aleph) 000055831
090 _a301694
_c301694
100 _a19991105d1998 |||y0rusy50 ca
101 0 _arus
102 _aRU
105 _ay |||||||||
200 1 _aКазанское востоковедение: истоки и развитие (XIX в. - 20-е гг. XX в.)
_fР. М. Валеев
_gКазан. гос. ун-т
210 _aКазань
_cИзд-во Казан. ун-та
_d1998
215 _a377, [3] с.
_d20
300 _aНа тит. л.: Посвящается двухсотлетию Казан. ун-та
320 _aБиблиогр.: с. 268-299 и в прим. в конце разделов и гл.
606 1 _aВостоковедение
_xИстория
_yКазань, город (Татария)
_z19 - 20 вв.
_92124940
_3RU\NLR\auth\661282726
686 _aТ3(5)г
700 1 _aВалеев
_bР. М.
_4070
801 0 _aRU
_bNLR
_c19991105
_gPSBO
801 1 _aRU
_bNLR
_c19991105
852 _aNLR
_bОЛСАА-сл-спр
_j2-5444
852 _aNLR
_j99-3/13786
942 _cBOOK
980 _aNB
980 1 _aSL_SPR